LEADER 01204cam0-22004331i-450- 001 990000972500403321 005 20050629093743.0 035 $a000097250 035 $aFED01000097250 035 $a(Aleph)000097250FED01 035 $a000097250 100 $a20001205d1922----km-y0itay50------ba 101 0 $afre 102 $aFR 105 $ay-------001yy 200 1 $aLeçons sur les invariants intégraux$ecours professé à la Faculté des sciences de Paris$fE. Cartan 210 $aParis$cHermann$d1922 215 $aX, 210 p.$d25 cm 610 0 $aCalcolo 610 0 $aTeoria delle funzioni di variabile reale 610 0 $aSerie 610 0 $aIntegrazione e differenziazione 610 0 $aTabelle di integrali 610 0 $aTeoria della misura 610 0 $aSistemi differenziali esterni 676 $a517.00 676 $a517.36 700 1$aCartan,$bElie$042832 801 0$aIT$bUNINA$gRICA$2UNIMARC 901 $aBK 912 $a990000972500403321 952 $a14-100.001$b10406$fFI1 952 $a4-G-28$b762$fMA1 959 $aFI1 959 $aMA1 962 $a58A15 962 $a58A10 996 $aLecons sur les invariants intégraux$982378 997 $aUNINA LEADER 03690nam 2200613 a 450 001 9910484144103321 005 20200520144314.0 010 $a1-280-38557-X 010 $a9786613563491 010 $a3-642-11579-9 024 7 $a10.1007/978-3-642-11579-0 035 $a(CKB)2670000000003389 035 $a(SSID)ssj0000449561 035 $a(PQKBManifestationID)11295816 035 $a(PQKBTitleCode)TC0000449561 035 $a(PQKBWorkID)10429093 035 $a(PQKB)10425747 035 $a(DE-He213)978-3-642-11579-0 035 $a(MiAaPQ)EBC3065038 035 $a(PPN)17992608X 035 $a(EXLCZ)992670000000003389 100 $a20100402d2010 uy 0 101 0 $aeng 135 $aurnn|008mamaa 181 $ctxt 182 $cc 183 $acr 200 10$aGrid resource management $eon-demand provisioning, advance reservation, and capacity planning of grid resources /$fMumtaz Siddiqui, Thomas Fahringer 205 $a1st ed. 2010. 210 $aBerlin $cSpringer$d2010 215 $a1 online resource (XVI, 227 p.) 225 1 $aLecture notes in computer science,$x0302-9743 ;$v5951 300 $aBibliographic Level Mode of Issuance: Monograph 311 $a3-642-11578-0 320 $aIncludes bibliographical references (p. [211]-222) and index. 327 $apt. 1. Overview -- pt. 2. Brokerage -- pt. 3. Planning -- pt. 4. Semantics -- pt. 5. Conclusion. 330 $aIn a dynamic computing environment, such as the Grid, resource management plays a crucial role in making distributed resources available on demand to anyone from anywhere at any time without undermining the resource autonomy; this becomes an art when dealing with heterogeneous resources distributed amongst multiple trust domains spanning the Internet. Today, Grid execution environments provide abstract workflow descriptions that need a dynamic mapping to actual deployments; this further accentuates the importance of resource management in the Grid. This monograph renders boundaries of Grid resource management, identifies research challenges and proposes new solutions with innovative techniques for on-demand provisioning, automatic deployments, dynamic synthesis, negotiation-based advance reservation and capacity planning of Grid resources. Grid capacity planning is performed with multi-constrained optimized resource allocations by modeling resource allocation as an on-line strip packing problem and introducing a new solution that optimizes resource utilization and QoS while generating contention-free solutions. The book further explains the use of semantic web technologies in the Grid to specify explicit definitions and unambiguous machine interpretable resource descriptions for intelligent resource matching and synthesis; the synthesis process generates new compound resources with aggregated capabilities and prowess. The techniques introduced have been developed and integrated in the ASKALON Grid application development and runtime environment, deployed in the Austrian Grid, and are demonstrated in this book by means of well-performed experiments. 410 0$aLecture notes in computer science ;$v5951. 606 $aComputational grids (Computer systems) 615 0$aComputational grids (Computer systems) 676 $a004.35 686 $aDAT 060f$2stub 686 $aDAT 259f$2stub 686 $aDAT 616f$2stub 686 $aSS 4800$2rvk 700 $aSiddiqui$b Mumtaz$01221150 701 $aFahringer$b Thomas$f1965-$0508818 801 0$bMiAaPQ 801 1$bMiAaPQ 801 2$bMiAaPQ 906 $aBOOK 912 $a9910484144103321 996 $aGrid resource management$94190200 997 $aUNINA